000 00844cab a2200229 4500
001 ABS54058
008 090401t1995 xxu||||| |||| 00| 0 eng d
035 _a(Sirsi) u8185
041 _aeng
245 2 _aA welcome return to common sense in the "Kalra" decision
260 _c1995
350 _a0
490 _aEstates Gazette
_v(9546) 18 November 1995, 184(1)
520 _aConsiders the case of "Kalra v SoS Environment" where a high street solicitors` office use class was in dispute, the argument centering on whether it was an over the counter service (Class A2) or business (Class B1).
650 _aKALRA V SOS ENVIRONMENT
650 _aSOLICITORS OFFICES
650 _aTOWN AND COUNTRY PLANNING (USE CLASSES) ORDER 1987
650 _aUSE CLASSES
690 _aPLANNING LAW AND PRACTICE
942 _n0
948 _c04/03/1997
999 _c5002
_d5002